00443 2200181 4500001002100000008004100021035002000062245005400082100001400136250000600150260003300156084001400189082000800203650001400211990001200225990001200237990001200249INLIS000000000001201 ind  a0010-0524000436 aSosiologi Bilingual Untuk SMA Kelas XIcM. Taufan aM. Taufan a1 aBandung :bYrama Widyac2008 a301 TAU s a301 aNon Fiksi a0713861 a0713862 a0713863